Online katalóg knižníc regiónu Turca

Slovenské národné divadlo 1957-1958 (Record no. 20083)

MARC details
000 -LEADER
fixed length control field 02576cam a2200685 a 4500
001 - CONTROL NUMBER
control field 20083
003 - CONTROL NUMBER IDENTIFIER
control field VRT
005 - DATE AND TIME OF LATEST TRANSACTION
control field 20260115153259.0
008 - FIXED-LENGTH DATA ELEMENTS--GENERAL INFORMATION
fixed length control field 250311s1959 xo o gr 000 0 slo
015 ## - NATIONAL BIBLIOGRAPHY NUMBER
National bibliography number SNBA1959
020 ## - INTERNATIONAL STANDARD BOOK NUMBER
Qualifying information (viazané)
035 ## - SYSTEM CONTROL NUMBER
System control number TNKK067740
035 ## - SYSTEM CONTROL NUMBER
System control number urn:nbn:sk:snk-am3ig0i
035 ## - SYSTEM CONTROL NUMBER
System control number urn:nbn:sk:snk-am00e8vu
035 ## - SYSTEM CONTROL NUMBER
System control number 4C704200-DB6D-4188-9E0E-2A0F8375B1D1
039 #9 - LEVEL OF BIBLIOGRAPHIC CONTROL AND CODING DETAIL [OBSOLETE]
Level of rules in bibliographic description 202503111220
Level of effort used to assign nonsubject heading access points VLOAD
Level of effort used to assign subject headings 202111062107
Level of effort used to assign classification AUTHORITY
Level of effort used to assign subject headings 202106240412
Level of effort used to assign classification VLOAD
Level of effort used to assign subject headings 202103241049
Level of effort used to assign classification AUTHORITY
040 ## - CATALOGING SOURCE
Original cataloging agency SNK
Language of cataloging slo
Transcribing agency SNK
Description conventions AACR2
041 0# - LANGUAGE CODE
Language code of text/sound track or separate title slo
043 ## - GEOGRAPHIC AREA CODE
Geographic area code e-xo---
044 ## - COUNTRY OF PUBLISHING/PRODUCING ENTITY CODE
MARC country code xo
ISO country code SK
072 #7 - SUBJECT CATEGORY CODE
Subject category code 792
Subject category code subdivision Divadlo. Divadelné predstavenia
Source konspekt
080 ## - UNIVERSAL DECIMAL CLASSIFICATION NUMBER
Universal Decimal Classification number 792
Edition identifier 2011
080 ## - UNIVERSAL DECIMAL CLASSIFICATION NUMBER
Universal Decimal Classification number (437.611)
Edition identifier 2011
080 ## - UNIVERSAL DECIMAL CLASSIFICATION NUMBER
Universal Decimal Classification number 792.05-027.542
Edition identifier 2011
080 ## - UNIVERSAL DECIMAL CLASSIFICATION NUMBER
Universal Decimal Classification number (048.8)
Edition identifier 2011
245 00 - TITLE STATEMENT
Title Slovenské národné divadlo 1957-1958
Statement of responsibility, etc. redakcia Kveta Dibarborová, Jela Krčméry-Vrteľová, Ján Rozner ; fotografie Karol Kállay
250 ## - EDITION STATEMENT
Edition statement 1. vydanie
260 ## - PUBLICATION, DISTRIBUTION, ETC.
Place of publication, distribution, etc. Bratislava
Name of publisher, distributor, etc. Slovenské vydavateľstvo krásnej literatúry
Date of publication, distribution, etc. 1959
Place of manufacture Martin
Manufacturer Tlačiarne Slovenského národného povstania
300 ## - PHYSICAL DESCRIPTION
Extent 162 strán
Other physical details fotografie
Dimensions 25 cm
366 ## - TRADE AVAILABILITY INFORMATION
Note 2760 kusov
500 ## - GENERAL NOTE
General note Spoluvydavateľ Slovenské národné divadlo
610 27 - SUBJECT ADDED ENTRY--CORPORATE NAME
Corporate name or jurisdiction name as entry element Slovenské národné divadlo
Source of heading or term SNKKA
648 #7 - SUBJECT ADDED ENTRY--CHRONOLOGICAL TERM
Chronological term 1957-1958
Source of heading or term SNKPH
650 07 - SUBJECT ADDED ENTRY--TOPICAL TERM
Topical term or geographic name entry element slovenské divadlo
Source of heading or term SNKPH
650 07 - SUBJECT ADDED ENTRY--TOPICAL TERM
Topical term or geographic name entry element divadelné umenie
Source of heading or term SNKPH
650 07 - SUBJECT ADDED ENTRY--TOPICAL TERM
Topical term or geographic name entry element národné divadlá
Source of heading or term SNKPH
650 07 - SUBJECT ADDED ENTRY--TOPICAL TERM
Topical term or geographic name entry element Slovak theater
Source of heading or term SNKPHeng
650 07 - SUBJECT ADDED ENTRY--TOPICAL TERM
Topical term or geographic name entry element Performing arts
Source of heading or term SNKPHeng
650 07 - SUBJECT ADDED ENTRY--TOPICAL TERM
Topical term or geographic name entry element National theaters
Source of heading or term SNKPHeng
651 #7 - SUBJECT ADDED ENTRY--GEOGRAPHIC NAME
Geographic name Bratislava (Slovensko)
Source of heading or term SNKPHgeo
651 #7 - SUBJECT ADDED ENTRY--GEOGRAPHIC NAME
Geographic name Bratislava (Slovakia)
Source of heading or term SNKPHeng
655 #7 - INDEX TERM--GENRE/FORM
Genre/form data or focus term monografie
Source of term SNKPH
655 #7 - INDEX TERM--GENRE/FORM
Genre/form data or focus term Monographs
Source of term SNKPHeng
700 1# - ADDED ENTRY--PERSONAL NAME
Personal name Dibarborová, Kvetuša,
Dates associated with a name 1924-2004
Relationship red
700 1# - ADDED ENTRY--PERSONAL NAME
Personal name Krčméry-Vrteľová, Jela,
Dates associated with a name 1924-2021
Relationship red
700 1# - ADDED ENTRY--PERSONAL NAME
Personal name Rozner, Ján,
Dates associated with a name 1922-2006
Relationship red
700 1# - ADDED ENTRY--PERSONAL NAME
Personal name Kállay, Karol,
Dates associated with a name 1926-2012
Relationship pht
710 2# - ADDED ENTRY--CORPORATE NAME
Corporate name or jurisdiction name as entry element Slovenské národné divadlo
Relationship pbl
942 ## - ADDED ENTRY ELEMENTS (KOHA)
Source of classification or shelving scheme Dewey Decimal Classification
Koha item type Odborná literatúra pre dospelých
Suppress in OPAC No
949 ## - LOCAL PROCESSING INFORMATION (OCLC)
6 270001000624996
a svkbbS 43947
b svkbbm 49433
949 ## - LOCAL PROCESSING INFORMATION (OCLC)
6 270001000624995
a svkbbS 43946
b svkbbm 49434
949 ## - LOCAL PROCESSING INFORMATION (OCLC)
6 0133053373
a snmk
b snmk53373
949 ## - LOCAL PROCESSING INFORMATION (OCLC)
6 270001000447489
a svkbbS 81441
b svkbbm 175759
949 ## - LOCAL PROCESSING INFORMATION (OCLC)
6 369701000002195
a aubbL 2607
b aubbL2607
p Divadlá - Bratislava
949 ## - LOCAL PROCESSING INFORMATION (OCLC)
6 2889090163
a savukS 13788
949 ## - LOCAL PROCESSING INFORMATION (OCLC)
6 0133010842
a snmk
b snmk10842
949 ## - LOCAL PROCESSING INFORMATION (OCLC)
6 17A0825400
a snkSC 12771
b snkKSP 767/59
s 6100:20200129
Holdings
Stav vyradenia Strata Poškodenie Spôsob nadobudnutia Domovská knižnica Aktuálna knižnica Dátum nadobudnutia Total checkouts Čiarový kód exemplára Date last seen Typ exemplára
      Dar Obecná knižnica Horná Štubňa Obecná knižnica Horná Štubňa 15.01.2026   4736200066 15.01.2026 Odborná literatúra pre dospelých
Projekt je podporený Slovenskou asociáciou knižníc
Prevádzkuje Turčianska knižnica Martin 2026